|
|
|
|
| LEADER |
00000cam a2200000 a 4500 |
| 001 |
vtls009585452 |
| 003 |
SK-MaSNL |
| 005 |
20260301171410.0 |
| 008 |
230501e1966 xo o gr 000 0 slo |
| 015 |
|
|
|a SNBA1966
|
| 020 |
|
|
|q (brožované)
|
| 035 |
|
|
|a urn:nbn:sk:snk-am00icsi
|
| 035 |
|
|
|a DA0D4021-6CED-480A-9861-97ABCE87957E
|
| 040 |
|
|
|a SNK
|b slo
|c SNK
|e AACR2
|
| 041 |
1 |
|
|a slo
|h cze
|
| 044 |
|
|
|a xo
|c SK
|
| 072 |
|
7 |
|a 7.01/.09
|x Umenie
|2 konspekt
|
| 080 |
|
|
|a 7.01/.09
|2 2011
|
| 080 |
|
|
|a 7.011.28
|2 2011
|
| 080 |
|
|
|a (048.8)
|2 2011
|
| 100 |
1 |
|
|a Zykmund, Václav,
|d 1914-1984
|4 aut
|9 223606
|
| 245 |
1 |
0 |
|a Umenie a gýč
|c Václav Zykmund ; [z českého originálu preložil Radoslav Matuštík ; fotografie Josef Kohoutek, Vilém Richman]
|
| 250 |
|
|
|a 1. vyd.
|
| 260 |
|
|
|a Bratislava
|b Vydavateľstvo Slovenského fondu výtvarných umení
|c 1966
|
| 300 |
|
|
|a 132 strán
|b fotografie
|c 21 cm
|
| 366 |
|
|
|e 5000 výt.
|
| 490 |
1 |
|
|a Cesta k umeniu
|v Zv. 2
|
| 650 |
0 |
7 |
|a umenie
|2 SNKPH
|9 1060
|
| 650 |
0 |
7 |
|a gýč
|2 SNKPH
|9 23980
|
| 650 |
0 |
7 |
|a Art
|2 SNKPHeng
|9 266209
|
| 650 |
0 |
7 |
|a Kitsch
|2 SNKPHeng
|9 279722
|
| 655 |
|
7 |
|a monografie
|2 SNKPH
|9 70139
|
| 655 |
|
7 |
|a Monographs
|2 SNKPHeng
|9 120675
|
| 700 |
1 |
|
|a Matuštík, Radislav,
|d 1929-2006
|4 trl
|9 226052
|
| 700 |
1 |
|
|a Kohoutek, Josef
|4 pht
|9 539021
|
| 700 |
1 |
|
|a Reichmann, Vilém,
|d 1908-1991
|4 pht
|9 195366
|
| 830 |
|
0 |
|a Cesta k umeniu
|9 307208
|
| 852 |
|
|
|a Slovenská národná knižnica
|
| 954 |
|
|
|a odborná, vedecká literatúra cudzojazyčná (svetová)
|2 lita
|
| 958 |
|
|
|a OND
|
| 958 |
|
|
|a OP
|
| 958 |
|
|
|a EUIPO
|
| 968 |
|
|
|b ČES
|
| 999 |
|
|
|c 830702
|d 832632
|
| 952 |
|
|
|a SNK
|b SNK
|y VYP
|7 0
|p 17A0121394
|o snkSC 22604 D1
|0 0
|1 0
|4 0
|d 1998-02-13
|l 0
|r 2005-01-02 00:00:00
|w 2026-02-24
|
| 952 |
|
|
|a SNK
|b SNK
|y PREZ
|7 0
|p 17A0914009
|o snkSC 22604
|i snkKSP 3563/67
|0 0
|1 0
|4 0
|d 2012-08-27
|f 1
|l 0
|r 2025-08-20 00:00:00
|w 2026-02-24
|